DYES AND PIGMENTS (Record no. 16919)

MARC details
000 -LEADER
fixed length control field 00361nam a2200133Ia 4500
022 ## - INTERNATIONAL STANDARD SERIAL NUMBER
ISSN 0143-7208
245 #0 - TITLE STATEMENT
Title DYES AND PIGMENTS
260 ## - PUBLICATION, DISTRIBUTION, ETC. (IMPRINT)
Name of publisher Elsevier Applied Science Publishers
Place of publication England
310 ## - CURRENT PUBLICATION FREQUENCY
Current publication frequency 12
500 ## - GENERAL NOTE
General note Ending Volume & Year: 7, 1986
500 ## - GENERAL NOTE
General note Starting Volume & Year: 4, 1983
942 ## - ADDED ENTRY ELEMENTS (KOHA)
Koha item type Bound Journal
Holdings
Withdrawn status Lost status Damaged status Not for loan Home library Current library Date acquired Accession Number Koha item type
      Bound journals RRII Library RRII Library 31/12/2021 16682J Bound Journal